[Event "Buenos Aires op 3rd"]
[Site "Buenos Aires"]
[Date "2025.07.14"]
[Round "6"]
[White "Mesiano, Felipe"]
[Black "Barrionuevo, Pablo"]
[Result "0-1"]
[WhiteElo "1951"]
[BlackElo "2261"]
[PlyCount "72"]
[EventDate "2025.07.11"]
[EventType "swiss"]
[EventRounds "9"]
[EventCountry "ARG"]
[SourceTitle "CB30_2025"]
[SourceDate "2025.07.23"]
[SourceVersion "1"]
[SourceVersionDate "2025.07.23"]
[SourceQuality "1"]

1. e4 e5 2. Nf3 Nc6 3. Bb5 a6 4. Ba4 Nge7 5. 0-0 g6 6. c3 Bg7 7. d4 exd4 8. cxd4 b5 9. Bc2 d6 10. h3 0-0 11. Be3 Na5 12. a4 Bd7 13. axb5 axb5 14. Qc1 Nec6 15. Nc3 Nb4 16. Bd1 f5 17. Bg5 Qb8 18. e5 Re8 19. exd6 cxd6 20. Qd2 Be6 21. Re1 Nc4 22. Rxa8 Qxa8 23. Qe2 Bd7 24. Qf1 Nxb2 25. Bb3+ Kh8 26. Nxb5 Qc6 27. Rxe8+ Bxe8 28. Na3 h6 29. Bd2 N4d3 30. Qe2 Qe4 31. Bd1 Nxd1 32. Qxd1 g5 33. Nc2 Ba4 34. Bc3 Nf4 35. Nfe1 Ne2+ 36. Kh1 Nxc3 0-1

[Event "Buenos Aires op 3rd"]
[Site "Buenos Aires"]
[Date "2025.07.12"]
[Round "2"]
[White "Habiaga, Raul Adrian"]
[Black "Barrionuevo, Pablo"]
[Result "1-0"]
[WhiteElo "1981"]
[BlackElo "2261"]
[PlyCount "115"]
[EventDate "2025.07.11"]
[EventType "swiss"]
[EventRounds "9"]
[EventCountry "ARG"]
[SourceTitle "CB30_2025"]
[SourceDate "2025.07.23"]
[SourceVersion "1"]
[SourceVersionDate "2025.07.23"]
[SourceQuality "1"]

1. e4 c5 2. Nf3 e6 3. d4 cxd4 4. Nxd4 a6 5. c4 Nf6 6. Bd3 Nc6 7. Nxc6 bxc6 8. 0-0 e5 9. Nc3 d6 10. Bg5 Be7 11. Qe2 Bg4 12. f3 Be6 13. Rad1 Nd7 14. Be3 Qb8 15. Kh1 Nc5 16. Bxc5 dxc5 17. Na4 0-0 18. Qe3 Qb4 19. b3 Rad8 20. f4 exf4 21. Qxf4 Rd7 22. e5 Rd4 23. Qe3 Rfd8 24. h3 h6 25. Nc3 Bg5 26. Qg3 Qxc3 27. Bh7+ Kh8 28. Qxc3 Rxd1 29. Rxd1 Rxd1+ 30. Kh2 g6 31. Qf3 Rd8 32. Bxg6 fxg6 33. h4 Bxh4 34. Qe4 Bg5 35. Qxg6 Bg8 36. Qxc6 Bf4+ 37. Kg1 Bxe5 38. Qxh6+ Bh7 39. Qxa6 Rf8 40. Qh6 Rf6 41. Qh5 Bd4+ 42. Kh2 Kg7 43. Qg5+ Bg6 44. a4 Rf5 45. Qe7+ Bf7 46. a5 Re5 47. Qb7 Rh5+ 48. Kg3 Rg5+ 49. Kf4 Rg6 50. a6 Rf6+ 51. Ke4 Re6+ 52. Kd3 Kf6 53. Qf3+ Ke7 54. a7 Bg7 55. a8Q Bg6+ 56. Kd2 Bh6+ 57. Kd1 Rd6+ 58. Qad5 1-0

[Event "ARG-ch sf"]
[Site "Mar de Ajo"]
[Date "2025.05.15"]
[Round "4"]
[White "Villca, Julian"]
[Black "Barrionuevo, Pablo"]
[Result "1/2-1/2"]
[WhiteElo "2422"]
[BlackElo "2215"]
[PlyCount "89"]
[EventDate "2025.05.13"]
[EventType "swiss"]
[EventRounds "9"]
[EventCountry "ARG"]
[SourceTitle "CB22_2025"]
[SourceDate "2025.05.28"]
[SourceVersion "1"]
[SourceVersionDate "2025.05.28"]
[SourceQuality "1"]

1. c4 e6 2. Nf3 d5 3. g3 Nf6 4. Bg2 Be7 5. b3 0-0 6. Bb2 c5 7. 0-0 Nc6 8. cxd5 exd5 9. d4 Ne4 10. dxc5 Bxc5 11. Nc3 Be6 12. Rc1 Qa5 13. Na4 Be7 14. Ne1 Rac8 15. Nd3 Rfd8 16. Qe1 Qb5 17. f3 Nf6 18. Nf4 d4 19. Nxe6 fxe6 20. Bh3 Kf7 21. Qf2 Qh5 22. Bg4 Qe5 23. f4 Nxg4 24. fxe5+ Nxf2 25. Rxf2+ Ke8 26. Nc5 Bxc5 27. Rxc5 Rc7 28. b4 Rcd7 29. b5 Ne7 30. Rc1 h5 31. Ba3 Nf5 32. Rxf5 exf5 33. e6 Re7 34. Bxe7 Kxe7 35. Rc7+ Kxe6 36. Rxg7 Rd7 37. Rg5 d3 38. exd3 Rxd3 39. Rxh5 Rd1+ 40. Kg2 Rd2+ 41. Kh3 Rxa2 42. b6 axb6 43. Rh6+ Kd7 44. Rxb6 Kc7 45. Rb4 1/2-1/2

[Event "Mar del Plata op 54th"]
[Site "Mar del Plata"]
[Date "2025.04.14"]
[Round "4"]
[White "Barrionuevo, Pablo"]
[Black "Krysa, Leandro Sergio"]
[Result "0-1"]
[WhiteElo "2212"]
[BlackElo "2488"]
[PlyCount "102"]
[EventDate "2025.04.12"]
[EventType "swiss"]
[EventRounds "9"]
[EventCountry "ARG"]
[SourceTitle "CB17_2025"]
[SourceDate "2025.04.23"]
[SourceVersion "1"]
[SourceVersionDate "2025.04.23"]
[SourceQuality "1"]

1. d4 d5 2. Nf3 Nf6 3. e3 c6 4. Bd3 Bg4 5. Nbd2 Nbd7 6. h3 Bh5 7. 0-0 e6 8. c4 Bd6 9. Qb3 Rb8 10. cxd5 cxd5 11. Re1 0-0 12. e4 dxe4 13. Nxe4 Nxe4 14. Bxe4 Qb6 15. Ne5 Nf6 16. Qxb6 axb6 17. Bf3 Bxf3 18. Nxf3 Rfc8 19. Bd2 Rc2 20. Bc3 Nd5 21. Rac1 Rxc1 22. Rxc1 Rc8 23. g3 b5 24. Bd2 Rxc1+ 25. Bxc1 Nb4 26. Bd2 Nxa2 27. Ne5 Nb4 28. Bxb4 Bxb4 29. Kf1 Kf8 30. Ke2 Ke7 31. Nd3 Ba5 32. Ke3 Kd6 33. h4 f6 34. b3 g6 35. Nc5 Bb4 36. Nd3 Bc3 37. Ke4 h6 38. g4 Bd2 39. Nc5 b6 40. Nd3 f5+ 41. gxf5 exf5+ 42. Kf3 g5 43. hxg5 hxg5 44. Ne5 Kd5 45. Ke2 Bf4 46. Nd7 Kxd4 47. Nxb6 Kc3 48. Nd5+ Kxb3 49. Kd3 b4 50. Ne7 Ka2 51. Nd5 b3 0-1

[Event "Titled Tuesday intern op 01st Apr Early"]
[Site "Chess.com INT"]
[Date "2025.04.01"]
[Round "10"]
[White "Barrionuevo, Pablo"]
[Black "Pauly, Carlo"]
[Result "0-1"]
[WhiteElo "2215"]
[BlackElo "2275"]
[PlyCount "42"]
[EventDate "2025.04.01"]
[EventType "swiss (blitz)"]
[EventRounds "11"]
[EventCountry "USA"]
[SourceTitle "CB15_2025"]
[SourceDate "2025.04.09"]
[SourceVersion "1"]
[SourceVersionDate "2025.04.09"]
[SourceQuality "1"]

1. d4 Nf6 2. Bf4 g6 3. e3 Bg7 4. Nd2 d6 5. h3 0-0 6. Ngf3 c5 7. c3 b6 8. a4 a6 9. Bh2 Bb7 10. Be2 Nbd7 11. 0-0 Ra7 12. Qb1 Qa8 13. Re1 Ne4 14. Nc4 b5 15. axb5 axb5 16. Rxa7 Qxa7 17. Na3 b4 18. cxb4 cxb4 19. Nb5 Qa5 20. Bd3 Ndf6 21. Nd2 Nxd2 0-1

[Event "Titled Tuesday intern op 01st Apr Late"]
[Site "Chess.com INT"]
[Date "2025.04.01"]
[Round "2"]
[White "Bolourchifard, Farzad"]
[Black "Barrionuevo, Pablo"]
[Result "1-0"]
[WhiteElo "2292"]
[BlackElo "2212"]
[PlyCount "97"]
[EventDate "2025.04.01"]
[EventType "swiss (blitz)"]
[EventRounds "11"]
[EventCountry "USA"]
[SourceTitle "CB15_2025"]
[SourceDate "2025.04.09"]
[SourceVersion "1"]
[SourceVersionDate "2025.04.09"]
[SourceQuality "1"]

1. d4 d5 2. Nf3 e6 3. c4 c5 4. cxd5 exd5 5. Nc3 Nc6 6. e3 Nf6 7. Be2 c4 8. 0-0 Bb4 9. Ne5 Bxc3 10. bxc3 0-0 11. f4 Ne4 12. Qc2 Re8 13. Bh5 g6 14. Bf3 Nf6 15. Bd2 Bf5 16. Qd1 Rb8 17. Be1 Ne4 18. g4 Be6 19. Qc2 Nd6 20. Qg2 f6 21. f5 fxe5 22. fxe6 e4 23. Be2 Rxe6 24. Bg3 Qd7 25. g5 Rf8 26. Rxf8+ Kxf8 27. Rf1+ Nf5 28. Bg4 Nce7 29. Be5 Ke8 30. Qh3 Qa4 31. Qxh7 Qxa2 32. Qh8+ Kd7 33. Qb8 Rb6 34. Qc7+ Ke8 35. Qb8+ Kf7 36. Bf6 Nxe3 37. Bxe7+ Nf5 38. Qf8+ Ke6 39. Bxf5+ gxf5 40. Bd8 Kd7 41. Qe7+ Kc6 42. Qc7+ Kb5 43. Qc5+ Ka6 44. Bxb6 axb6 45. Qxd5 Qe2 46. Qxf5 Qe3+ 47. Kh1 Qxc3 48. g6 Qd3 49. Ra1+ 1-0

[Event "Titled Tuesday intern op 01st Apr Late"]
[Site "Chess.com INT"]
[Date "2025.04.01"]
[Round "11"]
[White "Dudzinski, Pawel"]
[Black "Barrionuevo, Pablo"]
[Result "1-0"]
[WhiteElo "2191"]
[BlackElo "2212"]
[PlyCount "141"]
[EventDate "2025.04.01"]
[EventType "swiss (blitz)"]
[EventRounds "11"]
[EventCountry "USA"]
[SourceTitle "CB15_2025"]
[SourceDate "2025.04.09"]
[SourceVersion "1"]
[SourceVersionDate "2025.04.09"]
[SourceQuality "1"]

1. e4 c5 2. Nc3 Nc6 3. g3 g6 4. Bg2 Bg7 5. d3 e6 6. Be3 d6 7. Qd2 Nd4 8. Nd1 Ne7 9. c3 Ndc6 10. Bh6 0-0 11. h4 Ne5 12. Bxg7 Kxg7 13. h5 Rh8 14. h6+ Kf8 15. d4 cxd4 16. cxd4 Nc4 17. Qc3 d5 18. Ne2 Bd7 19. b3 Nd6 20. exd5 exd5 21. Ne3 Rc8 22. Qb4 Bc6 23. Nf4 a5 24. Qa3 Nb5 25. Qb2 Qb6 26. Nexd5 Nxd5 27. Nxd5 Re8+ 28. Kf1 Bxd5 29. Bxd5 Nxd4 30. Rd1 Qb5+ 31. Bc4 Qc6 32. Rh2 Nf3 33. Qxh8+ Ke7 34. Re1+ Nxe1 35. Qe5+ Kd8 36. Qd5+ Qxd5 37. Bxd5 Nd3 38. Bxf7 Re1+ 39. Kg2 Re2 40. Bxg6 Rxf2+ 41. Kg1 Rxh2 42. Kxh2 Ne5 43. Bf5 Nf7 44. Bxh7 Nxh6 45. Be4 b6 46. Kh3 Ke7 47. Kh4 Kf6 48. Bd5 Nf7 49. Bxf7 Kxf7 50. Kg5 Ke6 51. Kf4 Kd5 52. g4 Kd4 53. g5 Kc3 54. g6 Kb2 55. g7 Kxa2 56. g8Q b5 57. Qd5 b4 58. Qc4 Ka3 59. Ke3 a4 60. bxa4 b3 61. Qxb3+ Kxb3 62. a5 Kb4 63. a6 Kb5 64. a7 Kb6 65. a8Q Kc7 66. Qa6 Kb8 67. Qc6 Ka7 68. Qb5 Ka8 69. Kd4 Ka7 70. Kc5 Ka8 71. Kc6 1-0

[Event "Titled Tuesday intern op 11th Feb Early"]
[Site "Chess.com INT"]
[Date "2025.02.11"]
[Round "9"]
[White "Barrionuevo, Pablo"]
[Black "Shuvalov, Evgenij"]
[Result "0-1"]
[WhiteElo "2215"]
[BlackElo "2000"]
[PlyCount "136"]
[EventDate "2025.02.11"]
[EventType "swiss (blitz)"]
[EventRounds "11"]
[EventCountry "USA"]
[SourceTitle "CB08_2025"]
[SourceDate "2025.02.19"]
[SourceVersion "1"]
[SourceVersionDate "2025.02.19"]
[SourceQuality "1"]

1. d4 Nf6 2. Bg5 d5 3. c4 dxc4 4. Nc3 g6 5. Bxf6 exf6 6. e3 c5 7. dxc5 Qxd1+ 8. Rxd1 Bxc5 9. Bxc4 0-0 10. Nd5 Nd7 11. Nf3 Kg7 12. b4 Bb6 13. Ke2 Ne5 14. Nxb6 axb6 15. Bb3 Nc6 16. b5 Na5 17. Bd5 Be6 18. Bxe6 fxe6 19. Rd7+ Rf7 20. Rxf7+ Kxf7 21. Rc1 e5 22. Rc7+ Ke6 23. Nd2 h6 24. h4 f5 25. h5 gxh5 26. Rh7 Kd5 27. f3 Rg8 28. Kf2 Rg6 29. Rf7 Ke6 30. Rf8 h4 31. a4 Rf6 32. Rd8 Ke7 33. Rh8 Rd6 34. Ke2 Rg6 35. Rh7+ Kd6 36. Kf2 Kc5 37. Re7 Kd6 38. Rf7 Ke6 39. Rf8 Rf6 40. Rc8 Kd7 41. Rh8 Kd6 42. e4 f4 43. Rd8+ Ke7 44. Rh8 Rd6 45. Ke2 Rg6 46. Rh7+ Kd6 47. Kf2 Kc5 48. Re7 Kd4 49. Rd7+ Kc3 50. Rd5 Rg5 51. Nf1 Nc4 52. Rd7 Kb4 53. Rxb7 Kxa4 54. Rh7 h5 55. Rc7 Kxb5 56. Rd7 Kb4 57. Rd1 b5 58. Rb1+ Kc5 59. Nh2 Ne3 60. Rc1+ Kd4 61. Rg1 b4 62. Nf1 Nd1+ 63. Ke2 Nc3+ 64. Kd2 b3 65. Kc1 Rg7 66. Kb2 Ne2 67. Rh1 Rxg2 68. Kxb3 Ng3 0-1

[Event "Titled Tuesday intern op 28th Jan Early"]
[Site "Chess.com INT"]
[Date "2025.01.28"]
[Round "5"]
[White "Barrionuevo, Pablo"]
[Black "Carcamo, Matias"]
[Result "1-0"]
[WhiteElo "2228"]
[BlackElo "2084"]
[PlyCount "49"]
[EventDate "2025.01.28"]
[EventType "swiss (blitz)"]
[EventRounds "11"]
[EventCountry "USA"]
[SourceTitle "CB06_2025"]
[SourceDate "2025.02.05"]
[SourceVersion "1"]
[SourceVersionDate "2025.02.05"]
[SourceQuality "1"]

1. e4 c6 2. d4 d5 3. exd5 cxd5 4. c4 Nf6 5. Nc3 e6 6. Bg5 Be7 7. Nf3 0-0 8. c5 Nc6 9. Bd3 b6 10. Bb5 Bb7 11. Bxc6 Bxc6 12. b4 a5 13. b5 Bb7 14. c6 Bb4 15. Bd2 Rc8 16. Rc1 Ba8 17. 0-0 Bd6 18. a4 Bc7 19. Re1 Qd6 20. Ne5 Rce8 21. h3 Re7 22. Bg5 Kh8 23. Qf3 Ne8 24. Bxe7 Qxe7 25. Nxd5 1-0

[Event "Titled Tuesday intern op 28th Jan Early"]
[Site "Chess.com INT"]
[Date "2025.01.28"]
[Round "1"]
[White "Mohamed, Anees M"]
[Black "Barrionuevo, Pablo"]
[Result "1-0"]
[WhiteElo "2334"]
[BlackElo "2228"]
[PlyCount "119"]
[EventDate "2025.01.28"]
[EventType "swiss (blitz)"]
[EventRounds "11"]
[EventCountry "USA"]
[SourceTitle "CB06_2025"]
[SourceDate "2025.02.05"]
[SourceVersion "1"]
[SourceVersionDate "2025.02.05"]
[SourceQuality "1"]

1. d4 Nf6 2. Nc3 e6 3. Bf4 a6 4. e4 d5 5. exd5 exd5 6. Nf3 Bb4 7. Bd3 0-0 8. 0-0 Bg4 9. a3 Be7 10. Re1 Nbd7 11. h3 Bxf3 12. Qxf3 c6 13. Ne2 Re8 14. Ng3 Bf8 15. Nf5 g6 16. Nh6+ Bxh6 17. Bxh6 Qb6 18. Bg5 Kg7 19. Qf4 Ng8 20. b4 Nf8 21. Bh4 Ne6 22. Qe5+ f6 23. Qd6 Rad8 24. Qg3 Qxd4 25. Rad1 Qf4 26. c4 Qxg3 27. Bxg3 d4 28. c5 Nh6 29. Bc4 Ng5 30. Rxe8 Rxe8 31. Rxd4 Re7 32. Bd6 Re1+ 33. Kh2 Nhf7 34. h4 Ne4 35. Bf4 g5 36. hxg5 fxg5 37. Rd7 gxf4 38. Rxf7+ Kh6 39. Rxf4 Kg5 40. Rf7 Nf6 41. f3 Rc1 42. Bd3 h5 43. Rxb7 Rc3 44. Bxa6 Rxa3 45. b5 cxb5 46. Bxb5 Rc3 47. c6 Nd5 48. Rg7+ Kf6 49. Rd7 Nf4 50. c7 Ne6 51. Rd6 Rxc7 52. Bd7 Ke7 53. Rxe6+ Kxd7 54. Re5 Rc4 55. Rxh5 Ke6 56. g4 Kf6 57. Kg3 Kg6 58. Ra5 Rc1 59. Ra6+ Kg5 60. f4# 1-0